000 00660nam a2200241Ia 4500
003 OSt
005 20220918192702.0
006 a|||||r|||| 00| 0
007 ta
008 220917b |||||||| |||| 00| 0 eng d
024 _a69,619
037 _cTextual
040 _aARTS
_cARTS
_beng
041 _2eng
_aeng
082 _aQ4z7, L8
100 _aRahula Walpola
245 0 _aZen and the taming of the bull
_b towards the difference of Buddhist thought
260 _aLondon
_bGordon Fraser
_c1978
300 _a160p. illus
_ccm.
650 _aRELIGION
942 _hQ4z7, L8
_cTEXL
_2CC
999 _c195759
_d195759